000 00807cam a2200313 4500
001 J64022
008 000000n2001 000 0 eng u
035 _a(Sirsi) u111969
041 _aeng
050 _a333.337
110 _aCluttons
_92064
245 _aQuarterly property market update - Spring and Winter 2001
260 _aLondon
_bCluttons
_c2001
300 _a2 pt.
_c30cm.
350 _a0
650 _aRURAL PROPERTY
650 _aFARMLAND MARKET
650 _aCONSTRUCTION INDUSTRY
650 _aINDUSTRIAL PROPERTY
650 _aINVESTMENT MARKET
650 _aOFFICES
650 _aECONOMIC ISSUES
650 _aRENTS
650 _aRESIDENTIAL PROPERTY
_96266
650 _aRETAIL PROPERTY
650 _aYIELDS
690 _aPROPERTY-COMMERCIAL PROPERTY
942 _n0
999 _c101330
_d101330